000 00457ntaaa2200169 4500
003 01
005 20251027201948.0
008 0714s1973 ag 01
040 _aAR-BaBN
_bspa
_cAR-BaBN
_eaacr
_dRIC
082 _a248.0000 P28
100 _aPaxson, Ruth
_910451
245 _aRivers of living water; how obtained - how maintained.
250 _a1 ed. :
_bMarshall, Morgan and Scott,
_c1930
300 _a96 p.
650 _aVida Espiritual
_9658
942 _cBK
999 _c14350
_d14350